Memoria de Ulises. Relatos sobre la frontera en la antigua Grecia

Saved in:
Bibliografiske detaljer
Hovedforfatter: Hartog, Francois
Format: Ukendt
Sprog:engelsk
Udgivet: Buenos Aires, Argentina. Fondo de Cultura Económica, 1999
Fag:
Online adgang:Disponible Online -
Tags: Tilføj Tag
Ingen Tags, Vær først til at tagge denne postø!

MARC

LEADER 00000 a2200000 4500
003 CL-VaPUC
005 20211018094051.0
008 200626b ||||| |||| 00| 0 eng d
999 |c 423291  |d 423289 
020 |a 9789505572748 
040 |c Pontificia Universidad Católica de Valparaíso 
082 |a 938.08 HAR 1999 
100 |a Hartog, Francois  |9 814383 
245 |a Memoria de Ulises. Relatos sobre la frontera en la antigua Grecia 
260 |a Buenos Aires, Argentina.  |b  Fondo de Cultura Económica,  |c 1999 
300 |a 295 páginas  
583 |k Cristina Rojas  |c 20200626 
650 0 |a Grecia  |x Civilización   |x Historiografía   |y Hasta 145 a.C.  |9 856620 
852 |a BIBHIS 
856 |u http://bibliografiaobligatoria.pucv.cl.pucv.idm.oclc.org/index.php/bibliotecapucv/catalog/book/97  |y Disponible Online -   |z Invención del Bárbaro e Inventario del mundo pp 11-147 
942 |2 ddc  |c BK 
952 |0 0  |1 0  |2 ddc  |4 0  |6 938_080000000000000_HAR_1999  |7 0  |8 A  |9 576566  |a BIBHIS  |b BIBHIS  |d 2020-06-09  |e 3  |g 18154.00  |i 5576261  |l 2  |o 938.08 HAR 1999  |p 5576261  |r 2025-01-20  |s 2023-06-14  |t 1  |v 18154.00  |w 2020-06-09  |y BK  |k HIS